Sinn und Bedeutung: studien zu Frege und Wittgenstein
I tiakina i:
| Kaituhi matua: | |
|---|---|
| Hōputu: | Pukapuka |
| Reo: | Tiamana |
| I whakaputaina: |
Frankfurt am Main
Hain
1982
|
| Rangatū: | Philosophie. Analyse und Grundlegung, 7
|
| Ngā marau: | |
| Ngā Tūtohu: |
Tāpirihia he Tūtohu
Kāore He Tūtohu, Me noho koe te mea tuatahi ki te tūtohu i tēnei pūkete!
|
MARC
| LEADER | 00000nam a2200000 a 4500 | ||
|---|---|---|---|
| 001 | UCZ4483 | ||
| 003 | CL-VaPUC | ||
| 008 | 951110e19820000GW |||||||||||||||||ger|d | ||
| 082 | 0 | 4 | |a 160 |b CAR |2 21 |
| 100 | 0 | |a Carl, Wolfgang |e author |9 348510 | |
| 245 | 1 | 0 | |a Sinn und Bedeutung: studien zu Frege und Wittgenstein |
| 300 | |a 233 p | ||
| 942 | |c BK | ||
| 945 | |d 19951110 00:00:00 |a cmena | ||
| 260 | |a Frankfurt am Main |b Hain |c 1982 | ||
| 600 | 0 | 7 | |a FREGE, GOTTLOB |2 CL-VaPUC |9 348152 |
| 600 | 0 | 7 | |a WITTGENSTEIN, LUDWIG |2 CL-VaPUC |9 257080 |
| 650 | 0 | |a Lógica |9 256849 | |
| 650 | 0 | |a Lingüística |9 265068 | |
| 650 | 0 | |a Semántica |9 265318 | |
| 650 | 0 | |a Filosofía alemana |9 265002 | |
| 583 | |a last modification |c 20130320 11:35:48 |k Rodrigo Vera | ||
| 490 | 0 | |a Philosophie. Analyse und Grundlegung, 7 | |
| 999 | |c 240859 |d 240857 | ||
| 952 | |0 0 |1 0 |4 0 |6 160_000000000000000_CAR_1982 |7 0 |8 P |9 252906 |a BIBEDU |b BIBEDU |c BIBEDU_PB |d 2019-11-19 |i 159821K |o 160 CAR 1982 |p 159821K |r 2024-01-25 |w 2019-11-19 |y BK |k FIL | ||